| 000 | 00416nam a2200157Ia 4500 | ||
|---|---|---|---|
| 008 | 230312s9999||||xx |||||||||||||| ||und|| | ||
| 020 | _a0-8080-0155-8 | ||
| 082 |
_a658.3112 _bHIR |
||
| 100 | _aJoel Handelsman , J.D. | ||
| 245 | 0 | _aHire Manage & Retain Employees | |
| 260 |
_bCCH Incorporated _aChicago _c1998 |
||
| 300 | _a308 | ||
| 546 | _aEng. | ||
| 650 |
_aManagement _vSo you need some help |
||
| 942 | _cBK | ||
| 999 |
_c564 _d564 |
||